| 000 | 01002aam a2200361 4500 | ||
|---|---|---|---|
| 005 | 20220125125603.0 | ||
| 008 | 150421b xxu||||| |||| 00| 0 spa d | ||
| 041 | _aspa | ||
| 082 | _a398.2 S222c | ||
| 100 |
_aSandy, Seud _96667 |
||
| 245 | _aCosta Rica mía: Educación Cívica Folclor | ||
| 260 |
_aCosta Rica _bO. Sandy P. _c2009 |
||
| 300 | _a72 páginas | ||
| 650 |
_aCOSTA RICA _962249 |
||
| 650 |
_aFOLCLÓR COSTARRICENSE _97437 |
||
| 650 |
_aANTORCHA DE LA LIBERTAD _934435 |
||
| 650 |
_aIDENTIDAD NACIONAL _921300 |
||
| 650 |
_aCIUDADANÍA _911131 |
||
| 650 |
_aMARIMBA _97556 |
||
| 650 |
_aBOYERO _934436 |
||
| 650 |
_aCARRETA _98878 |
||
| 650 |
_aTRAJES TÍPICOS _98301 |
||
| 650 |
_aCASAS DE ADOBE _934437 |
||
| 650 |
_aTRAPICHE _934438 |
||
| 650 |
_aTURNO _934439 |
||
| 650 |
_aBOMBAS _917536 |
||
| 650 |
_aCIMARRONAS _934440 |
||
| 650 |
_aMASCARADAS _912985 |
||
| 650 |
_aJUEGOS TRADICIONALES _92436 |
||
| 650 |
_aLEYENDAS _97761 |
||
| 650 |
_aCOMIDAS _95265 |
||
| 942 | _cBK | ||
| 999 |
_c4898 _d4898 |
||